[Event "Barcelona Sant Marti op-B 20th"]
[Site "Barcelona"]
[Date "2018.07.18"]
[Round "6"]
[White "Planella Zavala, Ivan"]
[Black "Antequera Garcia, Luis"]
[Result "1-0"]
[WhiteElo "1310"]
[BlackElo "1362"]
[PlyCount "137"]
[EventDate "2018.07.13"]
[EventType "swiss"]
[EventRounds "9"]
[EventCountry "ESP"]
[SourceTitle "EXT 2019"]
[Source "ChessBase"]
[SourceDate "2018.10.10"]
[SourceVersion "1"]
[SourceVersionDate "2018.10.10"]
[SourceQuality "1"]

1. e4 e5 2. Nf3 Nc6 3. Bc4 Be7 4. Nc3 Nf6 5. d3 Nd4 6. Nxe5 0-0 7. 0-0 d6 8. Nf3 Bg4 9. Be3 Nxf3+ 10. gxf3 Bh5 11. Re1 c6 12. Bb3 Qd7 13. Kg2 d5 14. e5 Ne8 15. d4 Qf5 16. h3 f6 17. Nxd5 cxd5 18. Bxd5+ Kh8 19. Bxb7 Rb8 20. Be4 Qe6 21. b3 fxe5 22. d5 Qf6 23. Bxa7 Rc8 24. Be3 Nd6 25. Qd3 Nxe4 26. fxe4 Bf3+ 27. Kh2 Qg6 28. Rg1 Qxe4 29. Qxe4 Bxe4 30. c4 Bc5 31. Raf1 h6 32. Rg3 Rf7 33. Bxc5 Rxc5 34. Re3 Bg6 35. Rxe5 Bd3 36. Rd1 Rxf2+ 37. Kg3 Bc2 38. Re8+ Kh7 39. Kxf2 Bxd1 40. d6 Bh5 41. d7 Rf5+ 42. Ke1 Ra5 43. d8Q Rxa2 44. Rh8+ Kg6 45. Qd6+ Kg5 46. Qd2+ Rxd2 47. Kxd2 Kf6 48. Rd8 Ke7 49. Rd4 Be8 50. b4 g5 51. Re4+ Kd8 52. Rxe8+ Kxe8 53. b5 Kd7 54. Ke3 Kd6 55. h4 gxh4 56. Kf3 h5 57. Kg2 Kc5 58. Kh3 Kb6 59. Kxh4 Kc5 60. Kxh5 Kb6 61. Kg5 Kc5 62. Kf5 Kd6 63. b6 Kc6 64. c5 Kb7 65. Ke6 Kc6 66. Ke7 Kb7 67. Kd7 Kb8 68. c6 Ka8 69. c7 1-0

[Event "Barcelona Sant Marti op-B 18th"]
[Site "Barcelona"]
[Date "2016.07.16"]
[Round "4.53"]
[White "Antequera Garcia, Luis"]
[Black "Serentill Tost, Eduard"]
[Result "0-1"]
[WhiteElo "1333"]
[BlackElo "1650"]
[PlyCount "92"]
[EventDate "2016.07.13"]
[EventType "swiss"]
[EventRounds "9"]
[EventCountry "ESP"]
[SourceTitle "EXT 2024"]
[Source "ChessBase"]
[SourceDate "2023.10.10"]
[SourceVersion "1"]
[SourceVersionDate "2023.10.10"]
[SourceQuality "1"]

1. e4 e6 2. d4 d5 3. Nc3 Nf6 4. Nf3 Bb4 5. e5 Ne4 6. Bd2 Nxd2 7. Qxd2 c5 8. a3 Ba5 9. Qd3 Qb6 10. b4 cxb4 11. axb4 Bxb4 12. Be2 Qc6 13. 0-0 Bxc3 14. Rab1 Ba5 15. Qe3 0-0 16. Rfc1 Qe8 17. Bd3 Bd8 18. c4 f5 19. cxd5 Bb6 20. d6 Bd7 21. Qf4 Nc6 22. Qh4 Nd8 23. Ng5 h6 24. Nf3 Qg6 25. Qe7 Rf7 26. Qh4 Nc6 27. Bc4 Qg4 28. d5 Qxh4 29. Nxh4 Nd8 30. dxe6 Bxe6 31. Bb5 Rc8 32. Rd1 Nc6 33. Ng6 Rd8 34. Rd3 f4 35. Rbd1 Bf5 36. Nxf4 Bxd3 37. e6 Rxf4 38. Bxd3 Kf8 39. Bg6 Rd4 40. e7+ Nxe7 41. dxe7+ Kxe7 42. Re1+ Kf6 43. Bh5 Rd2 44. Rf1 Rb2 45. h3 Rdd2 46. Bf3 Rxf2 0-1

[Event "Sant Adria de Besos op 12th"]
[Site "Sant Adria de Besos"]
[Date "2016.04.17"]
[Round "2"]
[White "Garcia Punzano, Josep Lluis"]
[Black "Antequera Garcia, Luis"]
[Result "1-0"]
[WhiteElo "1873"]
[BlackElo "1695"]
[PlyCount "99"]
[EventDate "2016.04.10"]
[EventType "swiss"]
[EventRounds "9"]
[EventCountry "ESP"]
[SourceTitle "EXT 2017"]
[Source "ChessBase"]
[SourceDate "2016.10.25"]
[SourceVersion "1"]
[SourceVersionDate "2016.10.25"]
[SourceQuality "1"]

1. c4 e5 2. Nc3 Nf6 3. g3 Bc5 4. e3 Nc6 5. Bg2 d6 6. Nge2 Bf5 7. d4 Bb6 8. 0-0 Qd7 9. a3 0-0 10. Na4 exd4 11. Nxb6 axb6 12. exd4 Bh3 13. Bg5 Bxg2 14. Kxg2 Ne4 15. Be3 d5 16. f3 Nf6 17. Rc1 Qe6 18. Bf2 Rfe8 19. Nf4 Qf5 20. Qd3 Qxd3 21. Nxd3 Re2 22. cxd5 Nxd4 23. Rxc7 Nxd5 24. Rd7 Ne3+ 25. Kg1 Nxf1 26. Kxf1 Rxf2+ 27. Kxf2 Ne6 28. Rxb7 Rd8 29. Ke3 Rd6 30. Rb8+ Nf8 31. Ne5 Re6 32. Kd4 Rd6+ 33. Kc3 g6 34. Nc4 Rc6 35. Rxb6 Rc7 36. Kb4 Nd7 37. Rd6 Rb7+ 38. Kc3 Nc5 39. b4 Ne6 40. a4 Kf8 41. a5 Ke7 42. a6 Rb5 43. a7 Nc7 44. Rc6 Nd5+ 45. Kd2 Nxb4 46. a8Q Rd5+ 47. Kc3 Nxc6 48. Qxc6 Rf5 49. Qd6+ Ke8 50. Ne5 1-0

[Event "Sant Adria de Besos op 12th"]
[Site "Sant Adria de Besos"]
[Date "2016.04.10"]
[Round "1"]
[White "Antequera Garcia, Luis"]
[Black "Barroso Quinones, Antonio"]
[Result "0-1"]
[WhiteElo "1695"]
[BlackElo "1961"]
[PlyCount "78"]
[EventDate "2016.04.10"]
[EventType "swiss"]
[EventRounds "9"]
[EventCountry "ESP"]
[SourceTitle "EXT 2017"]
[Source "ChessBase"]
[SourceDate "2016.10.25"]
[SourceVersion "1"]
[SourceVersionDate "2016.10.25"]
[SourceQuality "1"]

1. e4 e5 2. Nf3 Nf6 3. Nc3 Bb4 4. Bc4 0-0 5. d3 d6 6. d4 Nxe4 7. Qd3 exd4 8. Nxd4 d5 9. Bb3 c5 10. Nde2 c4 11. Bxc4 Nxf2 12. Kxf2 Qh4+ 13. g3 Qxc4 14. Nxd5 Qxd3 15. cxd3 Na6 16. Bf4 Rd8 17. Nec3 Be6 18. Nxb4 Nxb4 19. Rad1 Nxd3+ 20. Ke3 Nxb2 21. Rxd8+ Rxd8 22. Rb1 Nc4+ 23. Kf2 b6 24. Ne4 h6 25. h4 Rd3 26. Ke2 Ra3 27. Rb4 Rxa2+ 28. Kd3 Ra3+ 29. Kd4 a5 30. Rxc4 Bxc4 31. Kxc4 Ra4+ 32. Kd5 Ra1 33. Nc3 a4 34. Nb5 a3 35. Kc4 a2 36. Be5 Rc1+ 37. Kb3 a1Q 38. Bxa1 Rxa1 39. Kc4 Rg1 0-1